| 000 | 01749nam a22002417a 4500 | ||
|---|---|---|---|
| 999 |
_c58194 _d58194 |
||
| 003 | Ge_BSU | ||
| 005 | 20211110151256.0 | ||
| 008 | 210910s2021 ge ||||| |||| 00| 0 geo d | ||
| 020 | _a9789941269264 | ||
| 041 | _ageo | ||
| 080 | _a821.111.03=353.1 პ-22 | ||
| 100 |
_aპაუნდი, ეზრა _912438 |
||
| 245 |
_aეზრა პაუნდის XLV კანტო = Contra Contra Naturam : _cწინათქმა დათო ბარბაქაძე; გამომცემლები ირაკლი ყოლბაია და დათო ბარბაქაძე. |
||
| 264 |
_aთბილისი : _bუნივერსალი, _c 2021. |
||
| 300 |
_a82 გვ. ; _b20 სმ. |
||
| 500 | _aყდაზე: ეზრა პაუნდი ვენეციაში, 1969. | ||
| 501 | _aწიგნში აგრეთვე: ამერიკელი პოეტისა და მთარგმნელის ამიელ ალკალაის წერილი "ეზრა პაუნდის XLV კანტო". გამოცემა ფინანსურად უზრუნველყოფილია ვახუშტი კოტეტიშვილის სახ. პრემიას თანდართული თანხის ნაწილით. | ||
| 653 | _aამერიკული პოეზია | ||
| 700 |
_aცქიტიშვილი, ანი _eმთარგმნელი _912439 |
||
| 700 |
_aნიაზაშვილი, მარი, _eმთარგმნელი _912440 |
||
| 700 |
_aინდიგოთი, სკა და სხვ. _eმთარგმნელი _912441 |
||
| 942 |
_2udc _cBK |
||